| 000 | 04291nkm0a2200601 4500 | ||
|---|---|---|---|
| 001 | RU\NLR\BIBL_A\022366721 | ||
| 005 | 20250810075550.0 | ||
| 020 |
_aRU _b44-2378 (1944, № 3-4) _9Летопись изоизданий / ВКП. - Москва, 1948. - Вып. 1944, № 3-4. - С. 71 |
||
| 035 | _a(NLR Aleph) 022366721 | ||
| 071 | 5 | 0 |
_d25 коп. _9300000 |
| 090 |
_a13327780 _c13327780 |
||
| 100 | _a20241029d1943 u y0rusy50 ca | ||
| 101 | 0 | _arus | |
| 102 | _aRU | ||
| 116 | _aiiycxx bi ae | ||
| 135 | _acrcn 024anaba | ||
| 181 | 0 |
_ab4 _bxb2e |
|
| 182 | 0 | _an | |
| 200 | 1 |
_aПоздравляю с Новым годом! _eвоинское _e[почтовая карточка] |
|
| 203 |
_aИзображение _bнеподвижное _bдвухмерное _bвизуальное _cнепосредственное |
||
| 210 |
_a[Москва] _cЛит. "Труд и творч." _d[1943] |
||
| 215 |
_a1 л. _cцв. литогр. _d9,9х14,9 |
||
| 300 | _aНа почтовой карточке также текст: "Смерть немецким захватчикам!", сведения о заказчике: "По заказу Упр. воен. полевой почты" | ||
| 300 | _aЦенз. разрешение: Г-24-43 | ||
| 300 | _aВ вып. дан.: З. 258 | ||
| 309 | _aОдносторонняя почтовая карточка | ||
| 325 | _aКопия доступна в Электрон. б-ке РНБ | ||
| 327 | 0 | _aНовогодняя елка, украшенная свечами, игрушками, флажками СССР, США и Великобритании | |
| 606 | 1 |
_aПочтовые открытки маркированные художественные _yСССР _z1941 - 1945 _92592287 _3RU\NLR\AUTH\661531868 |
|
| 610 | 1 | _aПоздравительные открытки | |
| 610 | 1 | _aНовогодние открытки | |
| 610 | 1 | _aНовогодняя елка | |
| 610 | 1 | _aОдносторонние почтовые карточки | |
| 686 | 1 | _aЩ153(2)7-489 | |
| 712 | 0 | 2 |
_4650 _4610 _a"Труд и творчество", типолитография _cМосква _9872461 _3RU\NLR\AUTH\880600610 |
| 712 | 0 | 1 |
_4570 _aСССР _bГлавное управление связи Красной Армии _bУправление военно-полевой почты _92645524 _3RU\NLR\AUTH\880618205 |
| 830 | _a"В декабре 1942 г. органы ВПП были выведены из состава НКС СССР и переданы в непосредственное подчинение Наркомату обороны СССР, и в Главном управлении связи РККА было создано Управление военно-полевой почты (УВПП)": https://boevayaslava.ru/blog/kabanov-warpost-philately/?ysclid=m2swrgjfzz154170189 (28.10.2024). АЯ ОЭФ | ||
| 830 | _aЛетопись изоизданий: Поздравляю с Новым годом! [М., 1944]. 10х15 см. 300.000 экз. 25 к. - Хромолитография. АЯ ОЭФ | ||
| 830 | _aДатировка: https://meshok.net/item/298613310_Фронтовая_Открытка_С_НОВЫМ_ГОДОМ_1943_44гг_Союз_СССР_США_Британия_РАРИТЕТ (21.11.2024): открытка с теми же вых. дан., номером заказа, номером ценз. разрешения; рукописная дата: "2/3 февраля 1944", почт. штемпель: "11 2 44". АЯ ОЭФ | ||
| 852 | 0 | 0 |
_aNLR _bЭ _jО-ПК-3/1944-5 _mЭот100570 |
| 856 | 0 | _uhttps://vivaldi.nlr.ru/lo500003634/view | |
| 856 | 1 | _uhttps://vivaldi.nlr.ru/lo500003634/cover | |
| 856 | 2 | _uhttps://vivaldi.nlr.ru/lo500003634/text | |
| 901 | _eИзографические материалы | ||
| 942 | _cVISUAL | ||
| 945 | _aРоссийская национальная библиотека | ||
| 980 | _aBV | ||
| 980 | _aNB | ||
| 981 | 1 | 7 |
_a(17) Изографические материалы _b(17) Открытки |